00462nam a2200181 a 4500001001300000003000900013005001700022008004100039020002200080082002100102100002100123245002300144260003800167300000800205500003500213650001100248700002100259nice12345678IN_TiNIC20260116014756.0090727s2008 newa grp 000 0 eng  a9788189524319c2000a306.0899145bMAC aMacdougall, John aTribal Resistances aNew Delhi bCritical Quest c2008 a32p aincludes index and biblioraphy aDalits1 aMacdougall, John